Normal view MARC view
  • Wolff Aurelia

Entry Personal Name

Number of records used in: 1

001 - CONTROL NUMBER

  • control field: 216599

003 - CONTROL NUMBER IDENTIFIER

  • control field: OSt

005 - DATE AND TIME OF LATEST TRANSACTION

  • control field: 20260204142337.0

008 - FIXED-LENGTH DATA ELEMENTS

  • fixed length control field: 260204|| aca||aabn | a|a d

040 ## - CATALOGING SOURCE

  • Original cataloging agency: OSt
  • Transcribing agency: OSt

100 ## - HEADING--PERSONAL NAME

  • Personal name: Wolff Aurelia

670 ## - SOURCE DATA FOUND

  • Source citation: Work cat.: (OSt)370313: Wolff Aurelia, Botanical Dyes: A Seasonal Guide to Sustainable Dyeing, 2014